000 00648nam a22002417a 4500
003 UA-OsUOA
001 30633
007 ta
008 20041111b un ||||| |||| 00| 0 ukr d
100 _aГиллельсон М.И.
090 _a82.09(470+571)
_bГ47
942 _cBK
040 _aUA-OsUOA
_brus
_cUA-OsUOA
_dUA-OsUOA
245 _aПовесть А.С.Пушкина "Капитанская дочка"
_bКомментарии
300 _a192 с.
955 _a0
041 _arus
080 _a82.09(470+571)
260 _aЛеннинград
_bПросвещение
_c1977
044 _aRU
650 7 _2UDC
999 _c317046
_d317046